000 00718nam a2200289Ia 4500
005 20260324135602.0
008 008 260324s9999 xx 000 0 eng d
020 _a9780203351970
037 _aEBOOK
040 _aCRL
040 _beng
040 _cCRL
041 _2eng
041 _aeng
084 _qCRL
100 _aAlastair Davies; Alan Sinfield
_91201146
245 0 _aBritish Culture of the Post-War
245 3 _bAn Introduction to Literature and Society 1945-1999
260 _bTaylor and Francis
260 _c2000
365 _a
365 _b230
856 _uhttp://www.taylorfrancis.com/books/9780203351970
942 _cEBOOK
999 _c1802382
_d1802382